[Event "Madrid ch Veteranos 2223"]
[Site "Madrid ESP"]
[Date "2023.04.27"]
[Round "8.31"]
[White "Rosado Sanchez, Jose Ignacio"]
[Black "Tudela Garcia, Antonio"]
[Result "0-1"]
[WhiteElo "1377"]
[BlackElo "1572"]
[PlyCount "32"]
[EventDate "2023.04.17"]
[EventType "swiss"]
[EventRounds "9"]
[EventCountry "ESP"]
[SourceTitle "Ajedrez en Madrid"]
[Source "lmi"]
[SourceDate "2023.04.17"]
[SourceVersion "1"]
[SourceVersionDate "2023.05.22"]
[SourceQuality "1"]

1. e4 e5 2. Nf3 Nc6 3. Bc4 Be7 4. d4 d6 5. h3 Nf6 6. Nc3 O-O 7. O-O a6 8. a4
Nd7 9. Nd5 exd4 10. Nxd4 Nde5 11. Nxc6 bxc6 12. Nxe7+ Qxe7 13. Be2 f5 14. f4
Ng6 15. Bc4+ d5 16. exd5 Qc5+ 0-1

[Event "Madrid ch Veteranos 2223"]
[Site "Madrid ESP"]
[Date "2023.04.27"]
[Round "8.32"]
[White "Ros Martinez, Francisco Javier"]
[Black "Ramos Antona, Enrique"]
[Result "1/2-1/2"]
[WhiteElo "1562"]
[BlackElo "1500"]
[PlyCount "106"]
[EventDate "2023.04.17"]
[EventType "swiss"]
[EventRounds "9"]
[EventCountry "ESP"]
[SourceTitle "Ajedrez en Madrid"]
[Source "lmi"]
[SourceDate "2023.04.17"]
[SourceVersion "1"]
[SourceVersionDate "2023.05.22"]
[SourceQuality "1"]

1. d4 Nf6 2. Bf4 e6 3. e3 d5 4. Nf3 c5 5. Nbd2 Nc6 6. c3 h6 7. h3 a6 8. Bd3 b5
9. O-O Bb7 10. e4 c4 11. Bc2 dxe4 12. Nxe4 Be7 13. Nc5 Bxc5 14. dxc5 O-O 15. b4
cxb3 16. axb3 Re8 17. Bd6 Na7 18. Qe2 Nc8 19. Rfd1 Nxd6 20. Rxd6 Qc7 21. b4
Red8 22. Rad1 Rxd6 23. Rxd6 Rd8 24. Qd3 Rxd6 25. cxd6 Qc4 26. Ne5 Qxd3 27. Bxd3
Kf8 28. c4 bxc4 29. Bxc4 Ne4 30. Nd7+ Ke8 31. Nc5 Nxd6 32. Bxa6 Bxa6 33. Nxa6
Kd7 34. Nc5+ Kc6 35. Nd3 Kd5 36. Kf1 e5 37. f3 g5 38. g4 f6 39. Ke2 Kd4 40. Nf2
Kc4 41. Nd3 Kd4 42. Nf2 f5 43. gxf5 Nxf5 44. Ne4 Kc4 45. b5 Kxb5 46. Kd3 Kc6
47. Nf6 Nd6 48. Ng4 Nf7 49. Ke4 Kd6 50. Kf5 Ke7 51. Nf6 Kd6 52. Ne4+ Ke7 53.
Nf6 Kd6 1/2-1/2

[Event "Madrid ch Veteranos 2223"]
[Site "Madrid ESP"]
[Date "2023.04.27"]
[Round "8.33"]
[White "De Juan Rivas, Antonio"]
[Black "Martinez Miura, Enrique"]
[Result "0-1"]
[WhiteElo "1408"]
[BlackElo "1519"]
[PlyCount "76"]
[EventDate "2023.04.17"]
[EventType "swiss"]
[EventRounds "9"]
[EventCountry "ESP"]
[SourceTitle "Ajedrez en Madrid"]
[Source "lmi"]
[SourceDate "2023.04.17"]
[SourceVersion "1"]
[SourceVersionDate "2023.05.22"]
[SourceQuality "1"]

1. f4 d5 2. Nf3 c5 3. e3 e6 4. b3 Nf6 5. Bb2 Be7 6. Be2 Nc6 7. O-O O-O 8. d3 b6
9. Nbd2 Bb7 10. Ne5 Nxe5 11. Bxe5 Nd7 12. Bb2 Bf6 13. c3 e5 14. e4 exf4 15.
Rxf4 Be5 16. Rf3 Nf6 17. Rf1 dxe4 18. dxe4 Nxe4 19. Nf3 Qxd1 20. Raxd1 Bxc3 21.
Rd7 Bc6 22. Rc7 Rac8 23. Rxc8 Rxc8 24. Bxc3 Nxc3 25. Bc4 b5 26. Bxf7+ Kxf7 27.
Ne5+ Kg8 28. Rf7 a5 29. a3 Ne2+ 30. Kf2 Nd4 31. b4 axb4 32. axb4 cxb4 33. Rf4
Rf8 34. Rxf8+ Kxf8 35. Ke3 b3 36. Nd3 Nc2+ 37. Kf2 Bxg2 38. Kxg2 Ne1+ 0-1

[Event "Madrid ch Veteranos 2223"]
[Site "Madrid ESP"]
[Date "2023.04.27"]
[Round "8.34"]
[White "Becerra Baigorri, Jose"]
[Black "Lopez Manso, Jeronimo"]
[Result "0-1"]
[WhiteElo "1505"]
[BlackElo "1358"]
[PlyCount "106"]
[EventDate "2023.04.17"]
[EventType "swiss"]
[EventRounds "9"]
[EventCountry "ESP"]
[SourceTitle "Ajedrez en Madrid"]
[Source "lmi"]
[SourceDate "2023.04.17"]
[SourceVersion "1"]
[SourceVersionDate "2023.05.22"]
[SourceQuality "1"]

1. e4 Nf6 2. e5 Nd5 3. Nf3 d6 4. d4 Bg4 5. Be2 e6 6. O-O Nc6 7. Bf4 Nxf4 8. Bb5
Be7 9. h3 Bh5 10. Kh2 O-O 11. g4 Bg6 12. Bxc6 bxc6 13. Qd2 Nd5 14. c4 Nb6 15.
Qe2 Rb8 16. Nc3 h5 17. Rad1 hxg4 18. hxg4 f5 19. Nd2 f4 20. Nf3 Qe8 21. Rh1 Qf7
22. Kg2 d5 23. Rh2 Nxc4 24. Rdh1 Qe8 25. b3 Na3 26. Qd2 Qd8 27. Rh8+ Kf7 28.
Qxf4+ Ke8 29. Rxf8+ Bxf8 30. Rh8 Qe7 31. Na4 Qf7 32. Qc1 Nc2 33. Ng5 Qe7 34.
Qf4 Qb4 35. Nxe6 Be4+ 36. Kg3 Kd7 37. Nac5+ Bxc5 38. Nxc5+ Qxc5 39. dxc5 Rxh8
40. Qf7+ Kc8 41. e6 Ne1 42. e7 Rh1 43. e8=Q+ Kb7 44. Qed7 Rg1+ 45. Kh4 Nf3+ 46.
Qxf3 Bxf3 47. Qf7 Rxg4+ 48. Kh3 Bd1 49. Qf5 Re4 50. Kg3 g6 51. f3 Re3 52. Qxg6
Rxf3+ 53. Kh2 Rf2+ 0-1

[Event "Madrid ch Veteranos 2223"]
[Site "Madrid ESP"]
[Date "2023.04.27"]
[Round "8.35"]
[White "Plaza Plaza, Prudencio"]
[Black "Calle Trueba, Jose Antonio"]
[Result "1/2-1/2"]
[WhiteElo "1299"]
[BlackElo "1381"]
[PlyCount "43"]
[EventDate "2023.04.17"]
[EventType "swiss"]
[EventRounds "9"]
[EventCountry "ESP"]
[SourceTitle "Ajedrez en Madrid"]
[Source "lmi"]
[SourceDate "2023.04.17"]
[SourceVersion "1"]
[SourceVersionDate "2023.05.22"]
[SourceQuality "1"]

1. d4 d5 2. Nc3 Nf6 3. Bg5 e6 4. e4 dxe4 5. Nxe4 Be7 6. Bxf6 Bxf6 7. Nf3 O-O 8.
Qd3 Nd7 9. O-O-O Nb6 10. h4 Nd5 11. Nxf6+ Qxf6 12. Qe4 Qf4+ 13. Qxf4 Nxf4 14.
g3 Nd5 15. c4 Nf6 16. Bd3 Bd7 17. Ne5 Bc6 18. f3 a5 19. h5 h6 20. Nxc6 bxc6 21.
g4 Nh7 22. Be4 1/2-1/2

[Event "Madrid ch Veteranos 2223"]
[Site "Madrid ESP"]
[Date "2023.04.28"]
[Round "9.1"]
[White "Lopez-Andujar Ocaña, Antonio"]
[Black "Moreno Ruiz, Javier"]
[Result "0-1"]
[WhiteElo "1961"]
[BlackElo "2427"]
[PlyCount "71"]
[EventDate "2023.04.17"]
[EventType "swiss"]
[EventRounds "9"]
[EventCountry "ESP"]
[SourceTitle "Ajedrez en Madrid"]
[Source "lmi"]
[SourceDate "2023.04.17"]
[SourceVersion "1"]
[SourceVersionDate "2023.05.22"]
[SourceQuality "1"]

1. d4 Nf6 2. c4 g6 3. Nc3 Bg7 4. e4 d6 5. f3 O-O 6. Be3 c5 7. Nge2 Nc6 8. Qd2
Qa5 9. Rc1 e6 10. Kf2 Rd8 11. d5 Ne5 12. Ng3 a6 13. h3 b5 14. b3 h5 15. Bg5 Re8
16. f4 b4 17. Nd1 Ned7 18. Bd3 Nh7 19. dxe6 Rxe6 20. Bh4 Bh6 21. Rf1 Bb7 22.
Kg1 Ndf6 23. Qc2 Qd8 24. e5 dxe5 25. f5 Qd4+ 26. Kh2 Qxh4 27. fxe6 Ng4+ 28. Kg1
Qxg3 29. exf7+ Kg7 30. hxg4 Bxc1 31. Bxg6 Ng5 32. Bxh5 Nh3+ 33. Kh1 Nf4 34. Rf2
Rd8 35. f8=Q+ Rxf8 36. Nb2 0-1

[Event "Madrid ch Veteranos 2223"]
[Site "Madrid ESP"]
[Date "2023.04.28"]
[Round "9.2"]
[White "Pastor Alonso De Prado, Alberto"]
[Black "Candela Perez, Jose"]
[Result "0-1"]
[WhiteElo "2071"]
[BlackElo "2299"]
[PlyCount "110"]
[EventDate "2023.04.17"]
[EventType "swiss"]
[EventRounds "9"]
[EventCountry "ESP"]
[SourceTitle "Ajedrez en Madrid"]
[Source "lmi"]
[SourceDate "2023.04.17"]
[SourceVersion "1"]
[SourceVersionDate "2023.05.22"]
[SourceQuality "1"]

1. b3 d5 2. Bb2 Bf5 3. e3 e6 4. Nf3 Nf6 5. Be2 h6 6. O-O Nbd7 7. c4 c6 8. d4
Bd6 9. Bd3 Ne4 10. Qc2 O-O 11. Nc3 Ndf6 12. Ne5 Nxc3 13. Bxc3 Bxd3 14. Qxd3 Qc7
15. c5 Bxe5 16. dxe5 Nd7 17. Qd4 b6 18. Bb4 Rfc8 19. f4 a5 20. cxb6 Qxb6 21.
Qxb6 Nxb6 22. Bc5 Nd7 23. Rfc1 f6 24. exf6 Nxf6 25. Rc2 Ne4 26. Rac1 Ra6 27. g4
g6 28. Kg2 Kf7 29. Kf3 Ke8 30. h4 Kd7 31. Ke2 Rb8 32. Bd4 a4 33. bxa4 Rc8 34.
Rb1 Rxa4 35. h5 gxh5 36. gxh5 c5 37. Rb7+ Kc6 38. Rh7 Rca8 39. Be5 Rxa2 40.
Rxa2 Rxa2+ 41. Ke1 c4 42. Rxh6 c3 43. Rxe6+ Kd7 44. Rg6 Ra1+ 45. Ke2 c2 46.
Rg7+ Ke6 47. Bb2 Rb1 48. Ba3 c1=Q 49. Bxc1 Rxc1 50. h6 Rh1 51. Rg6+ Kf5 52. Ra6
Rh2+ 53. Ke1 Rh1+ 54. Ke2 Rh2+ 55. Ke1 Nf6 0-1

[Event "Madrid ch Veteranos 2223"]
[Site "Madrid ESP"]
[Date "2023.04.28"]
[Round "9.3"]
[White "Longa Yauca, Javier"]
[Black "Herrero Reques, Sergio"]
[Result "1/2-1/2"]
[WhiteElo "2219"]
[BlackElo "2021"]
[PlyCount "134"]
[EventDate "2023.04.17"]
[EventType "swiss"]
[EventRounds "9"]
[EventCountry "ESP"]
[SourceTitle "Ajedrez en Madrid"]
[Source "lmi"]
[SourceDate "2023.04.17"]
[SourceVersion "1"]
[SourceVersionDate "2023.05.22"]
[SourceQuality "1"]

1. d4 Nf6 2. c4 e6 3. a3 d5 4. Nc3 dxc4 5. e4 a6 6. Bxc4 b5 7. Be2 Bb7 8. Bf3
c5 9. e5 Nd5 10. dxc5 Bxc5 11. Ne4 Nd7 12. b4 Be7 13. Bb2 O-O 14. Ne2 N7b6 15.
O-O Nc4 16. Bd4 Qb8 17. Nc5 Bxc5 18. Bxc5 Rd8 19. Qc2 Nxe5 20. Be4 Nf6 21. Bxb7
Qxb7 22. Rfd1 Qe4 23. Qxe4 Nxe4 24. Bd4 Nc4 25. f3 Ned2 26. Bc3 Rd3 27. Kf2
Rad8 28. Bxd2 Rxd2 29. Rxd2 Rxd2 30. a4 g6 31. axb5 axb5 32. Ra8+ Kg7 33. Rb8
Na3 34. g4 Rb2 35. h4 Nb1 36. Ke3 Rxb4 37. Nd4 Na3 38. g5 Nc4+ 39. Kf2 Nd6 40.
Nc6 Rxh4 41. Rd8 Rh2+ 42. Ke1 Nc4 43. Rd7 Rh4 44. Nd8 Kf8 45. Nxf7 Rf4 46. Nh6
Ne5 47. Rxh7 Nxf3+ 48. Ke2 Nxg5 49. Rb7 b4 50. Rb5 Nf7 51. Rb8+ Kg7 52. Ng8 g5
53. Ne7 g4 54. Rg8+ Kf6 55. Nc6 e5 56. Rb8 g3 57. Nxb4 Kf5 58. Nd5 Ra4 59. Rg8
Ra2+ 60. Kf1 Ng5 61. Rf8+ Ke6 62. Ne3 Ne4 63. Re8+ Kf6 64. Ng4+ Kf5 65. Ne3+
Kf4 66. Nd5+ Kf3 67. Rf8+ Kg4 1/2-1/2

[Event "Madrid ch Veteranos 2223"]
[Site "Madrid ESP"]
[Date "2023.04.28"]
[Round "9.4"]
[White "Gonzalez Rivera, Eduardo"]
[Black "Martin Rodriguez, Emilio"]
[Result "1/2-1/2"]
[WhiteElo "2026"]
[BlackElo "1965"]
[PlyCount "68"]
[EventDate "2023.04.17"]
[EventType "swiss"]
[EventRounds "9"]
[EventCountry "ESP"]
[SourceTitle "Ajedrez en Madrid"]
[Source "lmi"]
[SourceDate "2023.04.17"]
[SourceVersion "1"]
[SourceVersionDate "2023.05.22"]
[SourceQuality "1"]

1. e4 c6 2. d4 d5 3. e5 c5 4. c3 Nc6 5. a3 cxd4 6. cxd4 Bf5 7. Be3 e6 8. Ne2 f6
9. f4 fxe5 10. dxe5 Bg4 11. Nbc3 Nge7 12. Qa4 Nf5 13. Bf2 Be7 14. h3 Bxe2 15.
Bxe2 Bh4 16. O-O Bxf2+ 17. Rxf2 O-O 18. Bd3 a6 19. Bxf5 Rxf5 20. Raf1 h5 21.
Qd1 h4 22. b4 Rc8 23. Qd2 Qe7 24. Nd1 g5 25. fxg5 Qxg5 26. Ne3 Rxe5 27. Rf4 Re4
28. Rxe4 dxe4 29. Qf2 Ne5 30. Ng4 Nxg4 31. Qf7+ Kh8 32. hxg4 Rc1 33. Qf8+ Kh7
34. Qf7+ Kh8 1/2-1/2

[Event "Madrid ch Veteranos 2223"]
[Site "Madrid ESP"]
[Date "2023.04.28"]
[Round "9.5"]
[White "Martin Martin, Luis Vicente"]
[Black "Rojas Pozo, Jose Luis"]
[Result "1-0"]
[WhiteElo "1871"]
[BlackElo "1865"]
[PlyCount "113"]
[EventDate "2023.04.17"]
[EventType "swiss"]
[EventRounds "9"]
[EventCountry "ESP"]
[SourceTitle "Ajedrez en Madrid"]
[Source "lmi"]
[SourceDate "2023.04.17"]
[SourceVersion "1"]
[SourceVersionDate "2023.05.22"]
[SourceQuality "1"]

1. d4 Nf6 2. Bf4 b6 3. e3 Bb7 4. Nf3 d6 5. h3 Nbd7 6. Be2 g6 7. O-O Bg7 8. Nbd2
O-O 9. a4 a6 10. c3 Qe8 11. Bh2 e5 12. b4 Qe7 13. Qb3 Kh8 14. Rfc1 Ne4 15. Nxe4
Bxe4 16. Nd2 Bb7 17. Bf3 e4 18. Be2 f5 19. c4 Rad8 20. c5 dxc5 21. bxc5 Nxc5
22. Rxc5 bxc5 23. Qxb7 cxd4 24. Rd1 d3 25. Bf1 Rd7 26. Qxa6 Rfd8 27. Qc6 Be5
28. Bxe5+ Qxe5 29. g3 Rd5 30. Nb3 Rb8 31. Nd4 Rc5 32. Qd7 Rd5 33. Qf7 Re8 34.
Nb5 Rc5 35. Nd4 Qe7 36. Qb3 h5 37. h4 Kg7 38. Qb4 Qe5 39. Ra1 Qd5 40. a5 Qc4
41. Qa3 Qc3 42. Qa2 Qc4 43. Qa3 Qc3 44. Qa4 c6 45. a6 Qc4 46. Qa3 Qc3 47. Qa2
d2 48. Rd1 Ra5 49. Qxd2 Qxd2 50. Rxd2 Rc8 51. Nb3 Ra3 52. Nc5 Rc3 53. Na4 Ra3
54. Nb6 Rb8 55. Rd7+ Kh6 56. Rb7 Rd8 57. a7 1-0

[Event "Madrid ch Veteranos 2223"]
[Site "Madrid ESP"]
[Date "2023.04.28"]
[Round "9.6"]
[White "Cabañas Bravo, Juan Andres"]
[Black "Martin Garcia, Luis I"]
[Result "0-1"]
[WhiteElo "1914"]
[BlackElo "1814"]
[PlyCount "126"]
[EventDate "2023.04.17"]
[EventType "swiss"]
[EventRounds "9"]
[EventCountry "ESP"]
[SourceTitle "Ajedrez en Madrid"]
[Source "lmi"]
[SourceDate "2023.04.17"]
[SourceVersion "1"]
[SourceVersionDate "2023.05.22"]
[SourceQuality "1"]

1. e4 e6 2. d4 d5 3. Nc3 Bb4 4. Qg4 dxe4 5. Qxg7 Qf6 6. Bh6 Nd7 7. Qxf6 Ngxf6
8. Nge2 Nd5 9. O-O-O f5 10. Nxd5 exd5 11. Nf4 Nb6 12. Be2 c6 13. Bh5+ Kd8 14.
Bf7 Bf8 15. Bg5+ Be7 16. h4 Nc4 17. Rde1 Nd6 18. Be6 Ke8 19. Re3 Nf7 20. Bxf7+
Kxf7 21. Bxe7 Kxe7 22. Rg3 Be6 23. Rg7+ Bf7 24. Rh3 Rag8 25. Rhg3 Rxg7 26. Rxg7
Kf6 27. Rg3 Re8 28. Kd2 b6 29. Rc3 Rc8 30. b4 Ke7 31. Ke3 Kd6 32. Ne2 Be6 33.
Kf4 Rg8 34. Rg3 Rg4+ 35. Rxg4 fxg4 36. Kg5 c5 37. c3 Bd7 38. g3 cxb4 39. cxb4
a5 40. a3 axb4 41. axb4 Kc6 42. Nc3 Kd6 43. h5 Kc6 44. Kf6 Kd6 45. h6 Be8 46.
Kg7 Bg6 47. b5 e3 48. fxe3 Bd3 49. Nd1 Ke6 50. Nb2 Bc2 51. Kf8 Kf6 52. Ke8 Kg6
53. Ke7 Kxh6 54. Kd6 Kg7 55. Kxd5 h5 56. Ke6 h4 57. d5 hxg3 58. d6 g2 59. d7
g1=Q 60. d8=Q Qxe3+ 61. Kd7 Qd4+ 62. Kc7 Qxd8+ 63. Kxd8 g3 0-1

[Event "Madrid ch Veteranos 2223"]
[Site "Madrid ESP"]
[Date "2023.04.28"]
[Round "9.7"]
[White "Camacho Casado, Demetrio"]
[Black "Moreno Torrero, Javier"]
[Result "0-1"]
[WhiteElo "1862"]
[BlackElo "1891"]
[PlyCount "84"]
[EventDate "2023.04.17"]
[EventType "swiss"]
[EventRounds "9"]
[EventCountry "ESP"]
[SourceTitle "Ajedrez en Madrid"]
[Source "lmi"]
[SourceDate "2023.04.17"]
[SourceVersion "1"]
[SourceVersionDate "2023.05.22"]
[SourceQuality "1"]

1. d4 Nf6 2. Nc3 e6 3. Bf4 Bb4 4. Qd3 b6 5. Qg3 Nh5 6. Qf3 Nxf4 7. Qxa8 Nc6 8.
O-O-O Bxc3 9. bxc3 O-O 10. e3 Qf6 11. Bb5 Ba6 12. Qxf8+ Kxf8 13. Bxa6 Nd5 14.
Rd2 Nxc3 15. Nf3 Ne4 16. Re2 Qg6 17. Rg1 Nc3 18. Rd2 Nxa2+ 19. Kb2 Nab4 20. Be2
Nd5 21. Bd3 Qf6 22. c3 g6 23. Ra1 a5 24. Be4 Nde7 25. g4 d5 26. g5 Qg7 27. Bc2
e5 28. Rdd1 e4 29. Nd2 Kg8 30. Ba4 f5 31. h4 Nd8 32. Rh1 Qf7 33. Rh2 Ne6 34.
Rah1 f4 35. h5 Nxg5 36. hxg6 Nxg6 37. Rh5 fxe3 38. fxe3 Qf2 39. R1h2 Qxe3 40.
Bc6 Kf8 41. Bxd5 Nf4 42. Nc4 Qg3 0-1

[Event "Madrid ch Veteranos 2223"]
[Site "Madrid ESP"]
[Date "2023.04.28"]
[Round "9.8"]
[White "Cano Mercado, Francisco Manuel"]
[Black "De Paz Nistal, Santiago"]
[Result "1/2-1/2"]
[WhiteElo "1728"]
[BlackElo "1866"]
[PlyCount "66"]
[EventDate "2023.04.17"]
[EventType "swiss"]
[EventRounds "9"]
[EventCountry "ESP"]
[SourceTitle "Ajedrez en Madrid"]
[Source "lmi"]
[SourceDate "2023.04.17"]
[SourceVersion "1"]
[SourceVersionDate "2023.05.22"]
[SourceQuality "1"]

1. d4 Nf6 2. Bf4 e6 3. e3 b6 4. Nd2 Bb7 5. Ngf3 d5 6. Bd3 Nbd7 7. c3 c5 8. O-O
Be7 9. h3 O-O 10. Ne5 Ne4 11. f3 Nxd2 12. Qxd2 Nf6 13. Bh2 Rc8 14. Rad1 cxd4
15. exd4 Bd6 16. Qe2 Qc7 17. Rde1 Rfe8 18. Qf2 Nd7 19. Qh4 Nf8 20. f4 Ng6 21.
Qh5 Re7 22. Bg3 Rf8 23. Rf3 Bxe5 24. fxe5 a6 25. Rf4 Bc8 26. Rh4 h6 27. Bxg6
fxg6 28. Qxg6 Kh8 29. Rg4 Bd7 30. Rf4 Rxf4 31. Bxf4 Be8 32. Qg3 Kh7 33. Rf1 Bg6
1/2-1/2

[Event "Madrid ch Veteranos 2223"]
[Site "Madrid ESP"]
[Date "2023.04.28"]
[Round "9.9"]
[White "Hernandez Gutierrez, Jose"]
[Black "Vazquez Gonzalez, Jesus"]
[Result "1/2-1/2"]
[WhiteElo "1767"]
[BlackElo "1908"]
[PlyCount "55"]
[EventDate "2023.04.17"]
[EventType "swiss"]
[EventRounds "9"]
[EventCountry "ESP"]
[SourceTitle "Ajedrez en Madrid"]
[Source "lmi"]
[SourceDate "2023.04.17"]
[SourceVersion "1"]
[SourceVersionDate "2023.05.22"]
[SourceQuality "1"]

1. d4 c5 2. d5 e5 3. e4 d6 4. Nc3 g6 5. Nf3 Bg7 6. Bb5+ Nd7 7. O-O a6 8. Bxd7+
Bxd7 9. a4 b5 10. axb5 axb5 11. Rxa8 Qxa8 12. h3 Ne7 13. Bg5 f6 14. Be3 O-O 15.
Nd2 h6 16. f4 Kh7 17. fxe5 fxe5 18. Rxf8 Qxf8 19. Qa1 Qb8 20. Qa5 g5 21. b4
cxb4 22. Qxb4 Ng6 23. Kh2 Nf4 24. Nc4 Bf8 25. Na3 Qc8 26. Bxf4 gxf4 27. Ncxb5
Bxb5 28. Qxb5 1/2-1/2

[Event "Madrid ch Veteranos 2223"]
[Site "Madrid ESP"]
[Date "2023.04.28"]
[Round "9.10"]
[White "Pareja Vicente, Antonio"]
[Black "Lopez Molina, Francisco"]
[Result "1-0"]
[WhiteElo "1783"]
[BlackElo "1905"]
[PlyCount "73"]
[EventDate "2023.04.17"]
[EventType "swiss"]
[EventRounds "9"]
[EventCountry "ESP"]
[SourceTitle "Ajedrez en Madrid"]
[Source "lmi"]
[SourceDate "2023.04.17"]
[SourceVersion "1"]
[SourceVersionDate "2023.05.22"]
[SourceQuality "1"]

1. e4 d5 2. exd5 Qxd5 3. Nc3 Qa5 4. d4 Nf6 5. Be2 Nc6 6. a3 Bd7 7. Nf3 O-O-O 8.
Be3 Nd5 9. Bd2 Nxc3 10. Bxc3 Qd5 11. O-O Bg4 12. Qd3 e6 13. b4 Bd6 14. h3 Bf5
15. Qd2 f6 16. Bb2 e5 17. c4 Qf7 18. d5 e4 19. Nh4 Bg6 20. Qe3 Be5 21. dxc6
Bxb2 22. Qxa7 bxc6 23. Rad1 Rd6 24. Qa8+ Kd7 25. Qxh8 f5 26. c5 Rd5 27. Bc4 Bh5
28. Bxd5 cxd5 29. Qxh7 Bxd1 30. Rxd1 Ke6 31. Ng6 f4 32. Qh4 c6 33. Qg4+ Kf6 34.
Nxf4 Bxa3 35. Nh5+ Ke7 36. Nxg7 Bxb4 37. Rb1 1-0

[Event "Madrid ch Veteranos 2223"]
[Site "Madrid ESP"]
[Date "2023.04.28"]
[Round "9.11"]
[White "Lopez de Turiso Sanchez, Jose Antonio"]
[Black "Garcia Martin, Esteban"]
[Result "1/2-1/2"]
[WhiteElo "1904"]
[BlackElo "1809"]
[PlyCount "62"]
[EventDate "2023.04.17"]
[EventType "swiss"]
[EventRounds "9"]
[EventCountry "ESP"]
[SourceTitle "Ajedrez en Madrid"]
[Source "lmi"]
[SourceDate "2023.04.17"]
[SourceVersion "1"]
[SourceVersionDate "2023.05.22"]
[SourceQuality "1"]

1. Nc3 c5 2. Nf3 Nc6 3. d4 cxd4 4. Nxd4 g6 5. b3 Bg7 6. e3 Nf6 7. Bb2 Nxd4 8.
exd4 d5 9. Bd3 O-O 10. O-O b6 11. Re1 Bd7 12. h3 Bc6 13. Qd2 a6 14. a4 Qc7 15.
Ba3 Rfe8 16. Rad1 Nh5 17. Ne2 e5 18. dxe5 Bxe5 19. Bc1 d4 20. Bb2 Qb7 21. f3
Rad8 22. Rf1 Ng3 23. Nxg3 Bxg3 24. Qg5 Be5 25. Rde1 Bg7 26. Qh4 b5 27. axb5
Bxb5 28. Bxb5 Qxb5 29. Rxe8+ Rxe8 30. Re1 Rxe1+ 31. Qxe1 Bf6 1/2-1/2

[Event "Madrid ch Veteranos 2223"]
[Site "Madrid ESP"]
[Date "2023.04.28"]
[Round "9.12"]
[White "Estrada Martinez, Cesar"]
[Black "Barahona Torrijos, Angel"]
[Result "1/2-1/2"]
[WhiteElo "1903"]
[BlackElo "1696"]
[PlyCount "111"]
[EventDate "2023.04.17"]
[EventType "swiss"]
[EventRounds "9"]
[EventCountry "ESP"]
[SourceTitle "Ajedrez en Madrid"]
[Source "lmi"]
[SourceDate "2023.04.17"]
[SourceVersion "1"]
[SourceVersionDate "2023.05.22"]
[SourceQuality "1"]

1. d4 Nf6 2. c4 e6 3. Nc3 d5 4. e3 c5 5. Nf3 cxd4 6. exd4 Nc6 7. c5 Be7 8. Bd3
Bd7 9. O-O O-O 10. a3 a5 11. Bf4 Nh5 12. Bd2 b6 13. cxb6 Qxb6 14. Ne5 Nf6 15.
Nxd7 Nxd7 16. Bb5 Rac8 17. Be3 f5 18. Qd2 Nf6 19. f3 Bd6 20. Rfe1 Qb8 21. g3 f4
22. gxf4 Nh5 23. Bxc6 Rxc6 24. Ne2 Nxf4 25. Nxf4 Bxf4 26. Rac1 Rb6 27. Rc2 Rb3
28. Bxf4 Qxf4 29. Qxf4 Rxf4 30. Rxe6 Rbxf3 31. Kg2 h5 32. Re5 h4 33. Rh5 Rd3
34. h3 Rfxd4 35. Rg5 Rd2+ 36. Rxd2 Rxd2+ 37. Kf3 Rxb2 38. Rxd5 Rb3+ 39. Kf4
Rxa3 40. Kg4 Ra4+ 41. Kg5 Kf7 42. Rb5 Ra1 43. Kxh4 a4 44. Rb7+ Kf6 45. Rb6+ Ke5
46. Rg6 a3 47. Rxg7 Rb1 48. Ra7 Rb3 49. Kg4 Kd4 50. h4 Kc3 51. h5 Kb2 52. h6
Rb8 53. Kg5 a2 54. h7 a1=Q 55. Rxa1 Kxa1 56. Kg6 1/2-1/2

[Event "Madrid ch Veteranos 2223"]
[Site "Madrid ESP"]
[Date "2023.04.28"]
[Round "9.13"]
[White "Viñas Lopez, Carlos"]
[Black "Hetz, Robert"]
[Result "1-0"]
[WhiteElo "1853"]
[BlackElo "1627"]
[PlyCount "73"]
[EventDate "2023.04.17"]
[EventType "swiss"]
[EventRounds "9"]
[EventCountry "ESP"]
[SourceTitle "Ajedrez en Madrid"]
[Source "lmi"]
[SourceDate "2023.04.17"]
[SourceVersion "1"]
[SourceVersionDate "2023.05.22"]
[SourceQuality "1"]

1. d4 d5 2. Bf4 Nf6 3. e3 c5 4. c3 Nc6 5. Nd2 Bf5 6. Qb3 Qc8 7. Ngf3 c4 8. Qd1
e6 9. b3 b5 10. a4 a6 11. Nh4 Be4 12. f3 Bg6 13. Nxg6 hxg6 14. g4 Be7 15. Be2
Nxg4 16. fxg4 Bh4+ 17. Kf1 g5 18. Bd6 Qd8 19. Bc5 Qf6+ 20. Nf3 Rc8 21. Kg2 e5
22. dxe5 Nxe5 23. Bd4 Nxg4 24. Bxf6 Nxe3+ 25. Kg1 Nxd1 26. Bxg7 Rh7 27. Bd4 Nb2
28. axb5 axb5 29. Kg2 f5 30. Rhb1 Nd3 31. Bxd3 cxd3 32. b4 Re7 33. Nxh4 Re2+
34. Kf3 gxh4 35. Re1 Kf7 36. Rxe2 dxe2 37. Re1 1-0

[Event "Madrid ch Veteranos 2223"]
[Site "Madrid ESP"]
[Date "2023.04.28"]
[Round "9.14"]
[White "Fernandez Garcia, Ignacio"]
[Black "Rodriguez Rodriguez, Ricardo"]
[Result "1-0"]
[WhiteElo "1851"]
[BlackElo "1568"]
[PlyCount "79"]
[EventDate "2023.04.17"]
[EventType "swiss"]
[EventRounds "9"]
[EventCountry "ESP"]
[SourceTitle "Ajedrez en Madrid"]
[Source "lmi"]
[SourceDate "2023.04.17"]
[SourceVersion "1"]
[SourceVersionDate "2023.05.22"]
[SourceQuality "1"]

1. e4 e5 2. Nf3 Nc6 3. Bc4 Nf6 4. Nc3 h6 5. d3 d6 6. h3 g5 7. g4 Ne7 8. d4 exd4
9. Nxd4 Ng6 10. Nf5 Ne5 11. Be2 Bxf5 12. gxf5 Bg7 13. f4 gxf4 14. Bxf4 Nxe4 15.
Nxe4 Qh4+ 16. Nf2 Qxf4 17. Qd5 O-O-O 18. Ne4 Qh4+ 19. Kd1 Rhg8 20. a4 Rde8 21.
a5 a6 22. Ra4 Qe7 23. Rf1 Bf6 24. Rb4 Nc6 25. Rc4 Qe5 26. Qxf7 d5 27. Rxc6 dxe4
28. Qxf6 Qd5+ 29. Kc1 bxc6 30. Bxa6+ Kb8 31. Qc3 Ka7 32. Bc4 Qc5 33. b4 Qd6 34.
Bxg8 Rxg8 35. Qe3+ c5 36. bxc5 Qc6 37. f6 Rf8 38. f7 Ka6 39. Qd4 Qg6 40. Rf6+
1-0

[Event "Madrid ch Veteranos 2223"]
[Site "Madrid ESP"]
[Date "2023.04.28"]
[Round "9.15"]
[White "Perez Hernandez, Alfonso"]
[Black "Garcia Galeote, Lorenzo"]
[Result "1/2-1/2"]
[WhiteElo "1719"]
[BlackElo "1896"]
[PlyCount "80"]
[EventDate "2023.04.17"]
[EventType "swiss"]
[EventRounds "9"]
[EventCountry "ESP"]
[SourceTitle "Ajedrez en Madrid"]
[Source "lmi"]
[SourceDate "2023.04.17"]
[SourceVersion "1"]
[SourceVersionDate "2023.05.22"]
[SourceQuality "1"]

1. Nf3 d6 2. c4 g6 3. g3 Bg7 4. Bg2 Nc6 5. Nc3 e5 6. d3 Nge7 7. O-O O-O 8. Rb1
h6 9. b4 Nd4 10. Nxd4 exd4 11. Nd5 c6 12. Nxe7+ Qxe7 13. Re1 Bg4 14. h3 Be6 15.
e3 Kh7 16. Bb2 dxe3 17. Rxe3 Qd7 18. Bxg7 Kxg7 19. Kh2 d5 20. c5 d4 21. Re2 Bd5
22. Qh1 Bxg2 23. Qxg2 Rfe8 24. Rbe1 Rxe2 25. Rxe2 Re8 26. f4 Rxe2 27. Qxe2 Qd5
28. Kg1 b6 29. Qe4 Qd7 30. g4 bxc5 31. bxc5 f6 32. Kf2 Kf7 33. f5 g5 34. Kf3
Qd5 35. a4 Qxc5 36. Qe6+ Kg7 37. Qd7+ Kf8 38. Qd8+ Kf7 39. Qd7+ Kf8 40. Qd8+
Kf7 1/2-1/2